Players of National Teams - Algeria - Statistics

General Stats
  • This quiz has been taken 7 times
  • The average score is 9 of 26
Answer Stats
Pos. Team Player % Correct
AM Bayer 04 Leverkusen Ibrahim Maza
80%
CB Borussia Dortmund Ramy Bensebaini
80%
LB Manchester City Rayan Aït-Nouri
80%
CB LOSC Lille Aïssa Mandi
60%
RW Feyenoord Anis Hadj Moussa
60%
CM OGC Nice Hicham Boudaoui
40%
RW Paris FC Ilan Kebbal
40%
DM Dinamo Zagreb Ismaël Bennacer
40%
GK Granada CF Luca Zidane
40%
FW VfL Wolfsburg Mohamed Amoura
40%
RB Hellas Verona Rafik Belghali
40%
DM FC Twente Ramiz Zerrouki
40%
CM Union Saint-Gilloise Adem Zorgane
20%
LW Al-Duhail Adil Boulbina
20%
FW Al-Shamal Baghdad Bounedjah
20%
AM Eintracht Frankfurt Farès Chaïbi
20%
AM Olympique Marseille Himad Abdelli
20%
LB BSC Young Boys Jaouen Hadjam
20%
LB SSC Bari Mehdi Dorval
20%
CB Esperance Tunis Mohamed Amine Tougai
20%
FW Dinamo Zagreb Monsef Bakrar
20%
FW Al-Wakrah Redouane Berkane
20%
CB Paris FC Samir Chergui
20%
RB Al-Sadd Youcef Atal
20%
CB JS Kabylie Zineddine Belaid
20%
GK SM Caen Anthony Mandréa
0%
No matching quizzes found
Score Distribution
Percent of People with Each Score
Percentile by Number Answered
Your Score History
You have not taken this quiz